| 000 | 00859nam a22002415a 4500 | ||
|---|---|---|---|
| 003 | OSt | ||
| 005 | 20170731141911.0 | ||
| 008 | 170731s ua grb 000 0 ara d | ||
| 040 |
_aEG-ScBUE _bara _cEG-ScBUE |
||
| 082 | 0 | 4 |
_222 _a070.41 _bح م ز |
| 100 | 1 |
_aحمزة، عبد اللطيف. _d1907-1971. |
|
| 245 | 1 | 2 |
_aالمدخل في فن التحرير الصحفي / _cعبد اللطيف حمزة. |
| 250 | _aط. 4، مزيدة ومنقحة. | ||
| 260 |
_a[ القاهرة ] : _bدار الفكر العربي، _c[ د.ت ]. |
||
| 300 |
_a547 ص. ؛ _c24 سم. |
||
| 504 | _aيشتمل على إرجاعات ببليوجرافية. | ||
| 541 | _aإهداء من المستشار مدحت أبو الفضل. | ||
| 590 | _aدعاء | ||
| 650 | 7 |
_2BUEsh _aالتحرير الصحفي. |
|
| 651 | _2BUEsh | ||
| 653 |
_bGGEN _cJuly2017 |
||
| 942 | _2ddc | ||
| 999 |
_c25090 _d25062 |
||